书目信息 |
| 题名: |
纪念史沫特莱
|
|
| 作者: | 尹均生 , 曹毓英 主编 | |
| 分册: | ||
| 出版信息: | 北京 新华出版社 1987 |
|
| 页数: | 402页 | |
| 开本: | 20cm | |
| 丛书名: | ||
| 单 册: | ||
| 中图分类: | K837.125.6 | |
| 科图分类: | ||
| 主题词: | 地理 , 历史 | |
| 电子资源: | ||
| ISBN: | ||
| 000 | 00712nam0 2200253 45 | |
| 001 | 0187008566 | |
| 005 | 20060315084816.76 | |
| 010 | @dCNY2.80 | |
| 091 | @a7203.166 | |
| 100 | @a19900830d1987 emky0chiy0121 ea | |
| 101 | 0 | @achi |
| 102 | @aCN@b110000 | |
| 105 | @af z 000yb | |
| 200 | 10 | @a纪念史沫特莱@Aji nian shi mo te lai@f尹均生, 曹毓英主编@Fyin jun sheng,cao yu ying zhu bian |
| 210 | @a北京@c新华出版社@d1987 | |
| 215 | @a402页@c照片@d20cm | |
| 606 | 0 | @a地理 |
| 606 | 0 | @a历史 |
| 690 | @aK837.125.6 | |
| 701 | 0 | @a尹均生@Ayin jun sheng@4主编 |
| 701 | 0 | @a曹毓英@Acao yu ying@4主编 |
| 801 | 2 | @aCN@bNLC@c20060315 |
| 801 | 0 | @aCN@b深圳图书馆@c20040511 |
| 905 | @f1@b208501@dK837.125.6@e194 | |
| 纪念史沫特莱/尹均生, 曹毓英主编.-北京:新华出版社,1987 |
| 402页:照片;20cm |
| ISBN :CNY2.80 |
| ● |
| 相关链接 |
|
|
|
|
正题名:纪念史沫特莱
索取号:K837.125.6/194
 
预约/预借
| 序号 | 登录号 | 条形码 | 馆藏地/架位号 | 状态 | 备注 |
| 1 | 0208501 | 001542290 | 密集书库/ [索取号:K837.125.6/194] | 在馆 | |
| 2 | 0208502 | 202204676 | 密集书库/ [索取号:K837.125.6/194] | 在馆 | |
| 3 | 0208503 | 001542254 | 第二样本阅览室/ [索取号:K837.125.6/194] | 在馆 |